[Event "Eurotel Trophy"]
[Site "Prague CZE"]
[Date "2002.04.30"]
[Round "2.1"]
[White "Polgar, Judit"]
[Black "Kasparov, Garry"]
[Result "0-1"]
[WhiteElo "2677"]
[BlackElo "2838"]
[EventDate "2002.04.28"]
[Annotator "Rogozenko"]
[EventType "k.o. (rapid)"]
[EventRounds "5"]
[EventCountry "CZE"]
[Source "ChessBase"]
[SourceDate "2002.08.12"]
[WhiteTeamCountry "AUT"]
[BlackTeamCountry "AUT"]

1. e4 c5 2. Nf3 Nc6 3. d4 cxd4 4. Nxd4 Nf6 5. Nc3 e5 {Garry Kasparov 
played Sveshnikov Sicilian from Black side earlier as well, but mostly in 
simuls or advanced chess. This year he won in Linares (classical game, of 
course) against Alexey Shirov, which means that he more or less included 
Sveshnikov Sicilian in his repertoire on a stable basis. The present game 
is another reason for Sveshnikov Sicilian adherents to be happy. Undoubtly
the fact that the World Number One started to play Sveshnikov Sicilian 
will have consequences and the theory of this opening will develop 
quicker.} 6. Ndb5 d6 7. Bg5 a6 8. Na3 b5 9. Bxf6 gxf6 10. Nd5 Bg7 {In 
above-mentioned game against Alexey, Kasparov played "the classical" 10. 
... f5. Although these two options (10. ... f5 and 10. ... Bg7) can lead 
later to same positions, I would rather separate them and consider as two 
independent lines, because in each case White can choose a different type 
of position.} 11. c3 f5 12. Bd3 ( 12. exf5 Bxf5 13. Nc2 {Is another main 
line.} ) 12. ... Ne7 13. Nxe7 Qxe7 14. O-O O-O 15. Nc2 {Like in other main
lines of the Sveshnikov Sicilian, this is a strategically complicated 
position. White has a better pawn structure, possibilities to play in the 
center and on the queenside, a better control over d-file. Quite a lot, 
which defines that objectively White must have the advantage. However, in 
Sveshnikov Sicilian Black's position often contains a lot of hidden 
potential. The bishop pair, pawn majority in the center and the open 
g-file are strong arguments in his favour. In the long run with a precise 
play White might well be slightly better, but in any case there is a tough
battle ahead and White cannot afford to make mistakes and allow Black to 
take the initiative. The present game is a superb demonstration of Black's
potential.} 15. ... f4!? {15. ... Rb8 or 15. ... Bb7 are more popular than
the text move. 15. ... f4 is in a way less flexible, but more determined -
Black shows his clear intentions to start a kingside attack.} 16. a4 {The 
logical continuation - White starts immediately activity on the queenside.
} ( 16. Qh5 {Preventing Black from playing Qg5 deserves attention as well.
} ) 16. ... bxa4 {Black is practically forced to abandon the queenside and
for that purpose 16. . .. bxa4 is better than 16. ... Bb7, because it 
keeps the a-file closed for a while.} ( 16. ... Bb7 17. axb5 axb5 18. Rxa8
Bxa8 19. Nb4 f5 20. f3 Kh8 21. Kh1 Bf6 22. Qe2 Rc8 23. Ra1 +/- {1-0 
Luther,T-Richter,M/Nova Gorica 2000 (49)} ) 17. Rxa4 Qg5 18. f3 ( 18. Qe2 
Bf6 19. Nb4 Kh8 20. Nd5 Bd8 21. f3 Rg8 22. Rf2 Qh5 23. Qf1 Be6 {Looked 
good for Black in Sameeh,H-Halkias,S/Tanta City 2002.} ) 18. ... Bf6 {The 
start of impressive trip.} 19. Bc4 {In connection with the next move an 
innacuracy. White attacks pawn d6, but for some reasons didn't take it.} (
19. Nb4 âŒ“ ) 19. ... Kh8 20. Rf2?! ( 20. Qxd6 {This was the logical 
follow-up, although it looks quite risky, since Black activates the rook. 
The direct assault fails, though:} 20. ... Rd8 21. Qb6 Rd2 22. Rf2 ( {or} 
22. Ne1 Bh3 23. Rf2 Rd1 24. Kf1 Rg8 25. Ke2 Rgd8 26. Bd5 ) 22. ... Bd8 23.
 Qc6 Rd1+ 24. Bf1 Rb8 25. Rb4! {protecting against Bb6.} ) 20. ... Be7 ( 
20. ... Bd8? 21. Qxd6 ) 21. Nb4 D {Now it seems that White is in time to 
place the knight on d5. However, Kasparov demonstrates that once kingside 
bishop swithches to the diagonal a7-g1, White can hardly resist the 
attack.} ( 21. Bd5 {doesn't help White from preventing Bd8-b6:} 21. ... 
Rb8 22. Nb4 Bd8 23. Nc6 Bb6 {Of course.} 24. Nxb8 Bh3 25. Qf1 Rg8 {is 
similar to the game - White can't protect g2.} ) 21. ... d5! {was both 
impossible and very good.
Impossible because White controls d5 four times. Good because at the cost
of a pawn Black obtains powerful tactical chances from . . . ..Bc5 !

As mentioned in the annotations after move 15.Nc2, once Black finds a way 
to coordinate his pieces, White will have a tough life.

This position arose in a rapid match. The players dido 't have time to
calculate to their normal extent. But after White 's last move  Nc2-b4, 
Black
could appreciate how precarious his situation was.
It wasn't the triple attack on the a-pawn that worried him. There's 
something
that matters more, the d5 square. If White can plant the knight on that 
ideal
outpost, Black's pieces, particularly his dark-squared bishop, will be 
stifled.
Black realized he needed a big move. That often means an 'impossible'
move, one that you would normally dismiss without a glance. Here} 22. Bxd5
( {White cannot prevent Bc5, for instance:} 22. Qxd5 Be6 ) 22. ... Bc5 23.
 Bxa8 Rg8! {White is a rook up, but apparently the position is absolutely 
lost.} 24. Kf1 ( 24. Qf1 Bh3 25. Kh1 Bxf2 26. Qxf2 Bxg2+ 27. Kg1 Bxf3+ 28.
 Kf1 Bg2+ 29. Ke1 Rxa8 -+ ) 24. ... Bxf2 25. Ke2 Qxg2 26. Kd3 Be3 {The 
rest is clear.} 27. Bd5 Qxh2 28. Kc4 Rg1 29. Qd3 Bh3 {A nice demonstration
of Black's superiority. Judith managed to escape with the king, but the 
endgame is lost due to the power of Black's bishops.} 30. Kb3 Bf1 31. Qc2 
Qxc2+ 32. Kxc2 Kg7 {Black wins in many ways. The simple advance of h-pawn 
or 32. ... Be2 followed by Bxf3 decides quickly. Kasparov leaves the 
option which pawn to queen (h or f) for later.} 33. c4 Be2 34. Rxa6 Bd1+ 
35. Kd3 Bxf3 {So kasparov decided that f-pawn has a shorter way to f1...} 
36. Nc6 Rd1+ 37. Kc3 Bg4 38. Nxe5 Bd4+ 39. Kc2 Bxe5 40. Ra7 Re1 41. Rxf7+ 
Kg6 42. c5 Re2+ 43. Kc1 f3 44. Bc4 Rxe4 45. Bd5 Rf4 0-1

[Event "World Amateur Ch"]
[Site "The Hague NED"]
[Date "1928.??.??"]
[Round "14"]
[White "Euwe, Max"]
[Black "Carls, Carl"]
[Result "1-0"]
[WhiteElo "2547"]
[BlackElo "2418"]
[EventDate "1928.07.21"]
[PlyCount "59"]
[EventType "tourn"]
[EventRounds "15"]
[EventCountry "NED"]
[Source "ChessBase"]
[SourceDate "2001.11.25"]
[WhiteTeamCountry "USA"]
[BlackTeamCountry "ENG"]

{Not every game has a critical moment. Far from it. But there are enough
examples in master chess to provide teaching moments. One way to benefit
from them is to go through unannotated master games, either with a board 
or
clicking through them on-line. Try to determine in each game whether there
was
a turning point.
What makes it particularly hard to sense turning points is that there are 
rarely
road signs to identify them. A position may seem ripe for an irrevocable
decision. But on closer inspection it might be better to delay it for a 
move or
two.} 
1. Nf3 Nf6 2. c4 c5 3. g3 Nc6 4. Bg2 g6 5. b3 Bg7 6. Bb2 d6 7. d4 cxd4 8. 
Nxd4 Bd7 9. O-O O-O 10. Nc3 Nxd4 11. Qxd4 Bc6 12. Nd5 Nh5 13. Qd2 Bxb2 14.
 Qxb2 Bxd5 15. Bxd5 Qb6 16. Rfd1 Nf6 17. Bf3 Rfc8 18. Rd4 a5 19. Rad1 Rc7 
D {White noticed a sacrifice, 20 Rxd6 exd6 21 Qxf6. He realized that he 
would
immediately get one pawn for the Exchange and might add a second one via
22 Rxd6 or 23 Rd5/4 Rb5

The timing seems right. White's pieces are as aggressively placed as they 
are
likely to be. If White plays something else, Black will be able to improve
his
position, say with . . . Nd7, and the chance for .:Rxd6 is lost. That 
makes this a
critical moment, right?

Well, not exactly. It's not clear that White would stand better after I 
Rxd6 -
that is, better than Black is in the 2 Qxf6 position or better than White 
was
before I .Rxd6. That indicates there is no real urgency.
White can improve his position in other ways, such as with I h4 and 2 h5.
Then he might win by pushing the pawn to h6 or exchanging on g6. If he 
follows
with an advance of the g-pawn, Black's king may be in serious trouble.
White added it all up and chose} 20. h4! {Black thwarted his plan with} 
20. ... h5 {But that made} 21. Rxd6! {much stronger than a move earlier.} 
21. ... exd6 22. Qxf6 Rf8 ( 22. ... Rd7 23. Bd5 ) ( 22. ... Ra6 23. Bd5 
Kf8 24. Rd3 {Followed Rf3 or Re3 - Qh8} ) 23. Rxd6 Qc5 D 24. Bd5! {is a 
paralyzing shot that threatens 25 Qxg6+ (thanks to 20 . . . h5).
Black was forced into } 24. ... Kh7 {But that makes his king vulnerable to
} 25. g4! {Black tried for counterplay with} 25. ... Qa3 {Going back, we 
can see that 20 h4 ! gave Black an opportunity to lose quickly
with 20 . . . h5?. Better was 20 . . . .Rc5, when White has to find 
another winning idea,
such as 21 g4 followed by 3 g5 or 2 Qd2 and 3 Qh6 - or even 2 .Rd6 after 
all.
Nevertheless White had improved his chances over the immediate I .:Rxd6.} 
( 25. ... hxg4 26. h5 gxh5 27. Qh6+ ) 26. gxh5 Qc1+ 27. Kh2 Qh6 28. Bxf7 
Qg7 29. hxg6+ Kh8 30. Qg5 1-0

[Event "Hastings 7980"]
[Site "Hastings ENG"]
[Date "1979.??.??"]
[Round "7"]
[White "Christiansen, Larry M"]
[Black "Short, Nigel D"]
[Result "1-0"]
[WhiteElo "2475"]
[BlackElo "2260"]
[EventDate "1979.12.??"]
[PlyCount "83"]
[EventType "tourn"]
[EventRounds "15"]
[EventCountry "ENG"]
[EventCategory "10"]
[Source "ChessBase"]
[SourceDate "1999.07.01"]
[WhiteTeamCountry "SUI"]
[BlackTeamCountry "ITA"]

{page 96} 
1. d4 e6 2. c4 f5 3. g3 Nf6 4. Bg2 Bb4+ 5. Bd2 Qe7 6. Nf3 O-O 7. O-O Bxd2 
8. Nbxd2 d6 9. Re1 e5 {Plus-moves

When a game ends in victory without a turning point it often has a 
decisive
trend instead. A master sees trends that others don't. That is, a master 
is better
at recognizing when one side's winning chances are gradually and steadily
improving.

This is not a matter of calculation but rather visualization. The master 
sees
the plus-moves that will improve a position.} 10. e4 D {White wants to 
open the center because of his superior development and
because his rook is lined up against the Black queen, e.g. 10 . . . exd4? 
11 exf5
and 12 Nxd4 with advantage.
Black is tempted to minimize the opening of lines with 10 . . . f4 and 11 
gxf4
exf4. But that still leaves White with opportunities to blow open the 
center with
e4-e5 or c4-c5 .
Black knew from his understanding of pawn structures that it would be much
better if he could occupy f4 with a piece, ideally a knight, rather than a
pawn.
But that would take one and possibly two extra moves to execute and cost 
one
and possibly two pawns.
So Black took a short look into the future, at} 10. ... f4 11. gxf4 Nh5! {
He saw} 12. fxe5 Nf4! {and then} 13. exd6 cxd6 D {How do you evaluate such
a position? There's too much to calculate to draw
a definitive conclusion.
But Black can visualize. He can see that his position will improve once he
carries out a series of obvious moves - . . . Nc6, . . . ..Bg4, . . . Rf6 
and . . . Raf8.

This makes Black's position easier to play, and that's important, as we'll
see
in Chapter Seven. White could only stop these moves by changing the 
position
sharply, say with 14 e5 - so that 14 . . . Nc6? 15 e6! and 16 d5 . But 
Black should
have strong attacking chances if he shifts his queen, say with 14 . . . 
Qf7 and
15 . . . Qg6.

White preferred} 14. Qb3 Nc6 15. d5?! ( 15. c5+ Kh8 16. d5 Ne5 17. cxd6 
Qxd6 18. Nxe5 Qxe5 19. Bf1 Qg5+ 20. Kh1 Bg4 21. Qg3 ) 15. ... Ne5 16. Nxe5
dxe5 17. Nf1 Qh4 18. Ng3 Rf6 19. Re3 Bh3 {He should
have won in the complications that followed} 20. Nf5 Rxf5 21. exf5 Bxg2 {
Black appreciated that he could create a good trend. But what do you do
about a bad trend?

The first step is to visualize the near future. The second is to make sure
it
doesn't happen.} 22. Rg3 Bh3 23. Re1 Rf8 24. Qxb7 Qh6 25. Kh1 Bxf5 26. d6 
Nh5 27. Rge3 Nf6 28. f3 e4 29. fxe4 Bc8 30. Qxa7 Ng4 31. R3e2 Qxd6 32. Qg1
Qd3 33. b3 Qf3+ 34. Qg2 Nf2+ 35. Kg1 Nh3+ 36. Kh1 Qh5 37. Re3 Rf2 38. Rxh3
Qf7 39. Rd3 h5 40. Qg3 Bg4 41. Kg1 Rxa2 42. Rf1 1-0

[Event "Corus"]
[Site "Wijk aan Zee NED"]
[Date "2000.01.22"]
[Round "6"]
[White "Short, Nigel D"]
[Black "Kasparov, Garry"]
[Result "1/2-1/2"]
[WhiteElo "2683"]
[BlackElo "2851"]
[EventDate "2000.01.15"]
[Annotator "Donev"]
[EventType "tourn"]
[EventRounds "13"]
[EventCountry "NED"]
[EventCategory "18"]
[Source "ChessBase"]
[SourceDate "2000.04.05"]

{page 97} 
1. e4 c5 2. Nc3 d6 3. g3 Nc6 4. Bg2 g6 5. d3 Bg7 6. Be3 Nd4 7. Qd2 Qa5 8. 
f4 e6 9. Nf3 Ne7 10. O-O Nec6 ( {Gegen mich hat in dieser Stellung der IM 
Landenbergue} 10. ... Bd7 {und nach} 11. a3 ( {Ich denke, dass hier Wei 
mit folgender Fortsetzung um die Initiative kämpfen kann:} 11. Qf2 Nxf3+ (
11. ... Nec6 12. e5! ) 12. Bxf3 ( 12. Bxf3 Bxc3 13. bxc3 Qxc3 14. e5 ( 14.
 d4 c4 ( 14. ... d5 15. dxc5 += ) ( 14. ... b6! 15. Rad1 =+ ) 15. d5 += ) 
) 12. ... Nc6 13. e5 â†‘ ) 11. ... Rc8 12. Rae1 =, quiet {wurde die Partie
im Endspiel mit remis beendet. Donev, I-Landenbergue,C SWZ-chT 1995} ) 11.
 e5!? {Ein typischer Zug für den geschlossenen Sizilianer und trotzdem 
eine Neuerung. Hier zwei Beispiele aus der Mega 2000:} ( 11. Ne1 O-O 12. 
Nd1 Qa6 13. Nf2 b5 14. c3 Nb3 15. axb3 Qxa1 16. e5 Bb7 17. Ne4 Na5 18. 
Nxd6 Nxb3 19. Qf2 Bxg2 20. Nxg2 Qa6 21. Bxc5 Nxc5 22. Qxc5 Rad8 23. Qe3 
Qc6 24. d4 a5 25. Nh4 a4 26. Ra1 b4 27. Nf3 a3 28. bxa3 Qxc3 {0-1 
Martin,A-Serper,G/Hastings 1990/CBM 21 ext (28)} ) ( 11. Nh4 f5 12. Qd1 
O-O 13. Nb1 Qb6 14. Bc1 c4 15. Kh1 cxd3 16. cxd3 Nb4 17. Rf2 Bd7 18. Be3 
Qa6 19. Nc3 Rac8 20. Rd2 Rfe8 21. Rc1 Nb5 22. d4 Nxa2 23. Nxa2 Qxa2 24. 
Ra1 Qc4 25. Bf1 Qc6 26. Qb3 fxe4 27. f5 Qd5 28. Qxd5 exd5 29. fxg6 a6 30. 
gxh7+ Kxh7 31. Ng2 Rc7 32. Nf4 Rec8 33. Nxd5 Rc1 34. Rxc1 Rxc1 35. Kg2 Bg4
36. Nf4 Bf3+ 37. Kf2 Rb1 38. Ne6 Bh6 39. Bd3 Rh1 40. h4 Rh2+ 41. Kf1 Rh1+ 
42. Kf2 Rh2+ 43. Ke1 Rxd2 44. Bxd2 exd3 {0-1 
Fritsche,L-Tischbierek,R/Germany 1993/GER-chT (44)} ) 11. ... dxe5 ( {Die 
Annahme des Bauernopfers ist zu riskant:} 11. ... Nxf3+ 12. Bxf3 dxe5 13. 
Bxc6+ bxc6 14. fxe5 Bxe5 15. Qf2 {Wei bekommt seine Bauern zurück und dazu
die bessere Stellung.} ) 12. Nxe5 O-O! ( 12. ... Nxe5 13. fxe5 Bxe5 14. 
Qf2! f5 ( 14. ... O-O 15. Ne4 f5 16. c3! +/- ( 16. b4!? ) ) 15. Ne4! Qc7 {
deckt das Feld f7.} 16. Nxc5 Qxc5 17. c3 += ) 13. Rae1 f5? {Offensichtlich
besteht das Ziel dieses Zuges darin Kontrolle über den Punkt e4 zu 
gewinnen. Aber auf der anderen Seite werden der Bauer e6 und das Feld e5 
geschwächt.} ( {Der Prüfstein für die wei en Strategie war:} 13. ... Nxe5 
14. fxe5 Bxe5 15. Bh6 Bg7 16. Bxg7 Kxg7 17. Qf2 f6 ( 17. ... f5 18. Re5 
Qc7 19. Rfe1 =/& ) 18. Ne4 e5! {und 19. Nf6 ist nicht gut wegen 19...Qd8} 
) 14. Bxc6 Nxc6 15. Nxc6 ( 15. Nc4?! Qa6 16. Bxc5 Rd8 17. Qg2 b5! 18. Nd6 
( 18. Ne5 Nxe5 19. Qxa8 Nc6 {/\Bb7 die wei e Dame ist eingeschlossen.} ) 
18. ... Rxd6! 19. Bxd6 Bb7 20. Qf2 Rd8 21. Bc5 Nd4! -/+ ) 15. ... bxc6 16.
 Nd1 Qxa2 ( 16. ... Qxd2 17. Bxd2 Rb8 18. b3 +/- {Das kommende Endspiel 
wäre (wegen der schlechten Bauernstruktur) für Schwarz, kaum zu halten 
gewesen.} ) 17. Bxc5 Rd8 18. b3 Rb8 D {Black's pieces seem active enough 
to equalize. He has tactics such as 19 Nc3
Qa5 ! (20 b4 Qa3) to annoy White.
But this is deceptive. The pawn structure favors White considerably. Black
faces long-term problems defending the target at a7 and trying to find 
good
squares for his bad c8-bishop.
In short, time is on White's side. He can play slowly, with} 19. Rf2 {
That's a trend Black knew he had to stop. He did it with} 19. ... Qa6 ( {
For example} 19. ... Bd7 20. Nc3 Qa5 21. Na4 Qxd2 22. Rxd2 {is very good 
for
White. After} 22. ... Rb7 23. Be7 Ra8 24. Bd6 {he is preparing to trade 
into
a good-knight-vs. -bad-bishop ending in which he will double rooks on the
a-file.
That's a trend Black knew he had to stop. He did it with} ) 20. Nc3 {/\Na4
} 20. ... Rxb3! 21. cxb3 Rxd3 {gave Black two pawns for
the sacrificed Exchange.
In unbalanced material situations like that, it's the positional plusses 
that
matter. So even though he seems to be ahead in material, Black will be 
worse in
view of his bad bishop.
But he should be able to draw. That's what happened eventually after} 22. 
Qa2 Rxc3 ( 22. ... Bxc3 23. Qxa6 Bxa6 24. Rxe6 Rd1+ 25. Kg2 Bd3 =/& ) 23. 
b4 Ra3 24. Qc2! Rd3! ( 24. ... Rc3? 25. Qd1 Rd3 26. Rd2 Rd5 27. Rxd5 cxd5 
28. Bd4 Bf8 29. Qd2 += {/\Qe3-Qe5} ) 25. Rd2?! ( 25. Rd1! Rd5 26. Rfd2 +/-
) 25. ... Rd5 26. Rxd5 cxd5 27. Bf2 Bb7! {Black saved
the game because he realized in time that he was on the wrong side of a 
trend,
and he took steps to change it.
The simplest way to detect a trend is to identify how many progress-making
plus-moves each side can make in the near future} 28. Qc7 ( 28. Qc5 d4! 
29. Bxd4? Qc6 -+ ) ( 28. Qe2! Kf7 29. Qxa6 Bxa6 30. Bxa7 Bc3 31. Rb1 Bb5 
=/& {/\d4} ) 28. ... d4! {Öffnet den starken Läufer b7 und wie wir später 
sehen werden stellt der Nachziehende mit der Hilfe dieses Läufers starke 
Drohungen gegen der wei e Monarch auf.} 29. Qd8+ ( 29. Qd7 Bd5 30. Qe8+ 
Bf8 31. Bxd4 Qa2 32. Bf2 Qc2 =, quiet ) 29. ... Bf8 30. Qf6 d3 31. Bc5! ( 
31. Qxe6+? Qxe6 32. Rxe6 d2 -+ ) ( 31. Bd4 d2 32. Qh8+ Kf7 33. Qf6+ Kg8 
34. Qh8+ =, quiet ) 31. ... Bxc5+ 32. bxc5 d2 33. Qd8+ Kg7 34. Qe7+ ( 34. 
Qxd2 Qc6 =/& ) 1/2-1/2